LDR 00686naa#a2200193#i#450# 001 EN\\bibl\122854 005 20260514044556.4 011 ## _a2712-7761 100 ## _a20260506b2026####ek#y0engy0150####ca 102 ## _aRU 200 1# _aProspective exploration targets in the Tournaisian clinoforms of the Aktanish-Chishmy trough _eJournal article 210 1# _aSyktyvkar _cFSBI FIC "Komi Scientific Center of the Ural Branch of the Russian Academy of Sciences" _d2026 215 ## _a11 с. 608 ## _aJournal article _2local 675 ## _aМесторождения нефти. 553.982.2 _z 700 #1 _aChanysheva _gL. N. 700 #1 _aMirnov _gR. V. 700 #1 _aKotenev _gYu. A. 856 4# _akomisc.editorum.ru _u